| 000 | 00745pam a2200193 a 4500 | ||
|---|---|---|---|
| 020 | _a0028013182 | ||
| 040 | _cDLC | ||
| 082 | 0 | 0 | _a004 GLE 1995 A006 Or. |
| 100 | 1 | _aNorton, Peter, | |
| 245 | 1 | 0 | _aPeter Norton's introduction to computers. |
| 260 |
_aNew York : _bGlencoe, _cc1995. |
||
| 300 |
_axxv, 566 p. : _bill. (some col.), col. maps ; _c28 cm. + _e2 computer disks (3 1/2-5 1/4 in.) |
||
| 500 | _aSystem requirements for computer disks: IBM-compatible PC; DOS; Microsoft Windows; Norton Desktop for Windows; hard disk. | ||
| 500 | _a"Includes optional computer activities for DOS, Windows, and Norton Desktop for Windows"--Cover. | ||
| 500 | _aIncludes index. | ||
| 650 | 0 | _aComputers. | |
| 650 | 0 | _aComputer software. | |
| 942 | _cEK | ||
| 999 |
_c11949 _d11949 |
||